LDR 00886naa#a2200169#i#450# 001 RU\\bibl\120261 005 20260417181009.5 011 ## _a1819-4036 100 ## _a20210331b2021####ek#y0rusy0150####ca 102 ## _aRU 200 1# _aФЕНОЛОГИЧЕСКИЕ НАБЛЮДЕНИЯ ЗА ПОСАДКАМИ КЛЕНА ОСТРОЛИСТНОГО (ACER PLATANOÍDES), ВЫСАЖЕННОГО В ГОРОДСКИХ УСЛОВИЯХ С ПРИМЕНЕНИЕМ КОМПОСТА ИЗ ДРЕВЕСНО-РАСТИТЕЛЬНЫХ ОСТАТКОВ _eЖурнальная статья 210 1# _aКрасноярск _cКрасноярский государственный аграрный университет _d2021 215 ## _a4 с. 608 ## _aЖурнальная статья _2local 675 ## _aБотаника. 58 _z 700 #1 _aПрокопович _gИрина Иосифовна 856 4# _asej.kgau.ru _u